000 00909cam a2200193 4500
001 WB3819-26
008 020522n2002 000 0 eng u
035 _a(Sirsi) u118094
245 _aSearch on for best of the best
260 _c2002
490 _aRICS Press Release
_v(pr056) 22 May 2002, (2)
520 _aThe RICS Awards 2003 have been launched with the aim of encouraging sustainable development in the built environment. Awards will be given in building conservation, urban, rural or coastal regeneration, and building efficiency with an overall winner awarded the title 'Building of the Year'. Closing date for entries is 26 July 2002. http://www.rics.org/ricscms/bin/show?class=PressRelease&template=/includes/showpr.html&id=738
590 _aWB
650 _aABOUT RICS-AWARDS
650 _aSUSTAINABLE DEVELOPMENT
650 _aBUILT ENVIRONMENT
690 _aRICS NEWS
942 _n0
999 _c70330
_d70330